[Event "IECC CL4-2007.07 email"]
[Site "IECC email"]
[Date "2007.07.15"]
[Round "?"]
[White "Panteleyev, Petr Anatolievich"]
[Black "Von Rosenberg, Clemens"]
[Result "0-1"]
[WhiteElo "1659"]
[BlackElo "1708"]
[PlyCount "70"]
[EventDate "2007.??.??"]
[EventType "tourn (corr)"]
[EventRounds "4"]
[SourceTitle "Corr 2011"]
[Source "ChessBase"]
[SourceDate "2010.08.31"]
[SourceVersion "1"]
[SourceVersionDate "2010.08.31"]
[SourceQuality "1"]
[WhiteTeam "Italy"]
[BlackTeam "Chile"]
[WhiteTeamCountry "ITA"]
[BlackTeamCountry "CHI"]

1. c4 Nf6 2. Nc3 e5 3. Nf3 Nc6 4. g3 d5 5. cxd5 Nxd5 6. Bg2 Nb6 7. 0-0 Be7 8. a3 0-0 9. b4 Be6 10. Rb1 f6 11. d3 Nd4 12. Nd2 c6 13. Nde4 Nd5 14. e3 Nxc3 15. Nxc3 Nf5 16. b5 cxb5 17. Rxb5 Rc8 18. Bd5 Bf7 19. Bxf7+ Rxf7 20. Nd5 Bc5 21. Qf3 Ne7 22. e4 Nxd5 23. exd5 b6 24. a4 a6 25. Rb2 Rd7 26. Be3 Rxd5 27. Bxc5 Rcxc5 28. Rd1 Rd4 29. Ra2 e4 30. Qe2 exd3 31. Qe6+ Kf8 32. Raa1 Qd6 33. Qe3 d2 34. Ra2 Rc1 35. Qe2 Qe5 0-1

[Event "IECC CL4-2007.07 email"]
[Site "IECC email"]
[Date "2007.07.15"]
[Round "?"]
[White "Poblete, Litos"]
[Black "Panteleyev, Petr Anatolievich"]
[Result "1-0"]
[WhiteElo "1597"]
[BlackElo "1645"]
[PlyCount "67"]
[EventDate "2007.??.??"]
[EventType "tourn (corr)"]
[EventRounds "4"]
[SourceTitle "Corr 2011"]
[Source "ChessBase"]
[SourceDate "2010.08.31"]
[SourceVersion "1"]
[SourceVersionDate "2010.08.31"]
[SourceQuality "1"]
[WhiteTeam "Italy"]
[BlackTeam "Chile"]
[WhiteTeamCountry "ITA"]
[BlackTeamCountry "CHI"]

1. e4 c5 2. Nf3 d6 3. d4 cxd4 4. Nxd4 Nf6 5. Nc3 a6 6. Bg5 e6 7. Qd2 Be7 8. Be2 0-0 9. 0-0 Qc7 10. a4 Nc6 11. Nb3 Bd7 12. Rfd1 Kh8 13. Bf4 Rad8 14. Bxd6 Bxd6 15. Qxd6 Qxd6 16. Rxd6 Nb4 17. Rad1 Nc6 18. Nc5 Bc8 19. Bxa6 bxa6 20. Rxc6 Rxd1+ 21. Nxd1 Rd8 22. Ne3 Ng4 23. b4 Ne5 24. Rc7 Nd7 25. Nb7 Bxb7 26. Rxb7 Nb8 27. Rxf7 Kg8 28. Rc7 h6 29. b5 axb5 30. axb5 Kh7 31. c4 Nd7 32. c5 Kg6 33. b6 Kf6 34. b7 1-0

[Event "IECC O email"]
[Site "IECC email"]
[Date "2001.09.25"]
[Round "?"]
[White "Panteleyev, Petr Anatolievich"]
[Black "Lafargue, Philippe"]
[Result "1-0"]
[WhiteElo "1000"]
[BlackElo "898"]
[PlyCount "31"]
[EventDate "2001.??.??"]
[EventType "tourn (corr)"]
[EventRounds "6"]
[SourceTitle "Corr 2008"]
[Source "ChessBase"]
[SourceDate "2008.06.24"]
[SourceVersion "1"]
[SourceVersionDate "2008.06.24"]
[SourceQuality "1"]

1. e4 c5 2. Nf3 Nc6 3. d4 Nf6 4. d5 Na5 5. e5 Ng4 6. h3 Nh6 7. a3 e6 8. Bxh6 gxh6 9. Nc3 d6 10. Bb5+ Bd7 11. dxe6 fxe6 12. exd6 Bxb5 13. Nxb5 Kd7 14. Ne5+ Kc8 15. d7+ Kb8 16. Nf7 1-0